Autres acteurs de la coopération internationale
Elmentve itt :
| Szerző: | |
|---|---|
| Dokumentumtípus: | Könyv része |
| Megjelent: |
2019
|
| Sorozat: | Opera Iurisprudentiae
2 No. 3 Les relations interétatiques 2 No. 3 |
| Kulcsszavak: | Nemzetközi politika, Nemzetközi szervezetek, Európai Unió szervezete, Nemzetközi jog, Államelmélet, Nemzetközi kapcsolatok |
| Tárgyszavak: | |
| Online Access: | http://acta.bibl.u-szeged.hu/69109 |
| LEADER | 00925naa a2200241 i 4500 | ||
|---|---|---|---|
| 001 | acta69109 | ||
| 005 | 20220111090409.0 | ||
| 008 | 200521s2019 hu o 0|| fre d | ||
| 020 | |a 978-615-5411-79-3 | ||
| 022 | |a 12062-3984 | ||
| 040 | |a SZTE Egyetemi Kiadványok Repozitórium |b hun | ||
| 041 | |a fre | ||
| 100 | 1 | |a Szalai Anikó | |
| 245 | 1 | 0 | |a Autres acteurs de la coopération internationale |h [elektronikus dokumentum] / |c Szalai Anikó |
| 260 | |c 2019 | ||
| 300 | |a 103-114 | ||
| 490 | 0 | |a Opera Iurisprudentiae |v 2 No. 3 | |
| 490 | 0 | |a Les relations interétatiques |v 2 No. 3 | |
| 650 | 4 | |a Társadalomtudományok | |
| 650 | 4 | |a Jogtudomány | |
| 650 | 4 | |a Politikatudomány | |
| 695 | |a Nemzetközi politika, Nemzetközi szervezetek, Európai Unió szervezete, Nemzetközi jog, Államelmélet, Nemzetközi kapcsolatok | ||
| 856 | 4 | 0 | |u http://acta.bibl.u-szeged.hu/69109/1/opera_iurisprudentiae_002_003_103-114.pdf |z Dokumentum-elérés |